Les Demoiselles de Rochefort - toutes les musiques - Statistiques

Statistiques générales
  • Ce quiz a été pris 36 fois
  • Le résultat moyen est 15 sur 23
Statistiques - réponses
Hint Réponse % Correct
#4 Chanson de Maxence
92%
#3 Chanson des jumelles
92%
#7 Chanson de Delphine
84%
#8 Chanson de Simon
84%
#6 Nous voyageons de ville en ville
84%
#11 Chanson d'Yvonne
80%
#9 Marins, amis, amants ou maris
80%
#13 Chanson de Solange
76%
#17 Chanson d'Andy
68%
#1 Le Pont Transbordeur
68%
#16 Les rencontres
64%
#10 Andy amoureux
60%
#2 Arrivée des camionneurs
60%
#5 De Delphine à Lancien
60%
#18 Kermesse
60%
#21 Concerto
56%
#20 Toujours, jamais
56%
#19 Chanson d'un jour d'été
52%
#12 Chanson de Maxence reprise
48%
#14 De Hambourg à Rochefort
48%
#23 Final
48%
#22 Départ des forains
44%
#15 La femme coupée en morceaux
44%
Aucun quiz correspondant
Distribution des résultats
% des personnes avec chaque résultat
Percentile par nombre de réponses
Votre historique - résultats
Vous n’avez pas pris ce quiz